Contra Keynes y Cambridge (Registro nro. 5103)

Detalles MARC
000 -LEADER
fixed length control field 01694 a2200253 4500
001 - CONTROL NUMBER
control field 53121
005 - DATE AND TIME OF LATEST TRANSACTION
control field 20260407155805.0
008 - FIXED-LENGTH DATA ELEMENTS--GENERAL INFORMATION
fixed length control field 260407a1996 arg spa d
003 - CONTROL NUMBER IDENTIFIER
control field AR-UNSa-BCEJYS
040 ## - CATALOGING SOURCE
Original cataloging agency AR-UNSa-BCEJYS
Language of cataloging spa
Transcribing agency AR-UNSa-BCEJYS
080 ## - UNIVERSAL DECIMAL CLASSIFICATION NUMBER
Universal Decimal Classification number 330.8
Common auxiliary subdivision Historia de las teorías, Doctrinas, Dogmas económicos (pensamiento económico)
020 ## - INTERNATIONAL STANDARD BOOK NUMBER
International Standard Book Number 84-7209-308-5
041 ## - LANGUAGE CODE
Language code of text/sound track or separate title spa
100 1# - MAIN ENTRY--PERSONAL NAME
Personal name Hayek, Friedrich A.
245 10 - TITLE STATEMENT
Title Contra Keynes y Cambridge
Name of part/section of a work ensayos, correspondencia
264 #1 - PRODUCTION, PUBLICATION, DISTRIBUTION, MANUFACTURE, AND COPYRIGHT NOTICE
Place of production, publication, distribution, manufacture Madrid :
Name of producer, publisher, distributor, manufacturer Union Editorial
Date of production, publication, distribution, manufacture, or copyright notice 1996
300 ## - PHYSICAL DESCRIPTION
Extent xviii, 297 p.
Dimensions 25 cm.
505 ## - FORMATTED CONTENTS NOTE
Formatted contents note Primera parte: Hayek en la London school of economics and political science - 1. La economía de los años treinta vista desde Londres - 2. La "paradoja" del ahorro - Segunda parte: Polémicas de Hayek con Keynes y Sraffa - 3. Reflexiones sobre la teoría pura del dinero del señor J.M.Keynes - 4. La teoría pura del dinero al Dr. Hayek,por J.M.Keynes - 5. Réplica al señor Keynes - 6. Reflexiones sobre la teoría pura del dinero de J.M.Keynes (continuación) - 7. Las ideas de Hayek sobre el dinero y el capital,por Piero Sraffa - 8. Dinero y capital:una réplica - 9. Contrarréplica,por Piero Sraffa - Tercer parte: Ensayos sobre Keynes - 10. Recensión de Life of J.M.Keynes,de Harrod - 11. ¿Por qué un simposio sobre Keynes? 12. Recuerdos personales de Keynes y de la "Revolución keynesiana" - 13. El centenario de Keynes:la crítica austriaca
590 ## - LOCAL NOTE (RLIN)
Local note niveau_biblio:m niveau_hierar:0
700 1# - ADDED ENTRY--PERSONAL NAME
Personal name Caldwell, Bruce
700 1# - ADDED ENTRY--PERSONAL NAME
Personal name Huerta de Soto, Jesús
856 41 - ELECTRONIC LOCATION AND ACCESS
Uniform Resource Identifier <a href="https://biblioeco.unsa.edu.ar/pmb/images/libros/L128526.jpg">https://biblioeco.unsa.edu.ar/pmb/images/libros/L128526.jpg</a>
Link text Imagen de portada
Electronic format type image/jpeg
942 ## - ADDED ENTRY ELEMENTS (KOHA)
Koha item type
Existencias
Withdrawn status Lost status Damaged status Not for loan Home library Current library Shelving location Date acquired Total checkouts Full call number Barcode Date last seen Price effective from Koha item type
        Biblioteca Prof. Eusebio Cleto del Rey Biblioteca Prof. Eusebio Cleto del Rey   07/04/2026   330.8 H417c L128526 07/04/2026 07/04/2026 Libro